000 01197nam a22002657a 4500
001 BD-DhSAU 9278
003 BD-DhSAU
005 20221215114620.0
008 150613b2018 bg a|||| m||| 00| 0 eng d
040 _aBD-DhSAU
082 _222
_a63439
_bH7949
100 _aHOSSAIN, MD. SHAHADAT
_eRegistration No. # 14-06270
245 _aPerformance of household solid waste compost on the growth and yield of stem amaranth (amaranthus cruentus l.) /
_bMS thesis
260 _aSher-e-Bangla Agricultural University :
_bDepartment of Agroforestry and Environmental Science,
_c2021
300 _avii, 50p. :
_bill. ;
_c30 cm.
500 _aMS thesis of Department of Agroforestry and Environmental Science, Faculty of Agriculture, Sher-e-Bangla Agricultural University, Dhaka, Bangladesh
504 _aIncludes bibliographical reference.
590 _aNazmul
650 _ahousehold solid waste compost
650 _astem amaranth (amaranthus cruentus l.)
700 _aAssist. Prof. Abdul Halim
_eSuperviser
700 _aProf. Dr. Md. Forhad Hossain
_eCo-superviser
856 _uhttp://archive.saulibrary.edu.bd:8080/xmlui/handle/123456789/4668
942 _2ddc
_cTHESIS
999 _c16393
_d16392